| 000 | 00473nam a2200169Ia 4500 | ||
|---|---|---|---|
| 999 |
_c22962 _d22962 |
||
| 082 | _a305.4 SIN-W | ||
| 100 | _aSinha, Frances | ||
| 245 | 0 | _aWomen, work and technology in rural South Asia | |
| 260 |
_aLondon _bIntermediate Technology Development Group _c1983 |
||
| 300 | _a46 | ||
| 440 | _aOccasional papers; 9 | ||
| 504 | _aincludes index | ||
| 650 |
_aWomen _vSouth Asia |
||
| 650 |
_aTechnology _vSouth Asia |
||
| 650 |
_aSouth Asia _vRural conditions |
||
| 942 | _cBK | ||